Ôlivơ Tuýt
Nội dung sách nói về cuộc đấu tranh giữa thiện và ác, giữa chính nghĩa và phi nghĩa, lòng khao khát hạnh phúcở ngay cái thế giới này cho những người trung thực...
Gorde:
| Egile nagusia: | |
|---|---|
| Formatua: | Liburua |
| Hizkuntza: | Undetermined |
| Argitaratua: |
Hà Nội
Văn học
2006
|
| Gaiak: | |
| Etiketak: |
Etiketa erantsi
Etiketarik gabe, Izan zaitez lehena erregistro honi etiketa jartzen!
|
| Thư viện lưu trữ: | Trung tâm Học liệu Trường Đại học Cần Thơ |
|---|
| LEADER | 00854nam a2200217Ia 4500 | ||
|---|---|---|---|
| 001 | CTU_123483 | ||
| 008 | 210402s9999 xx 000 0 und d | ||
| 020 | |c 63000 | ||
| 082 | |a 823.8 | ||
| 082 | |b D548ô | ||
| 100 | |a Dickens, Charles | ||
| 245 | 0 | |a Ôlivơ Tuýt | |
| 245 | 0 | |c Charles Dickens ; Phan Ngọc dịch và giới thiệu | |
| 260 | |a Hà Nội | ||
| 260 | |b Văn học | ||
| 260 | |c 2006 | ||
| 520 | |a Nội dung sách nói về cuộc đấu tranh giữa thiện và ác, giữa chính nghĩa và phi nghĩa, lòng khao khát hạnh phúcở ngay cái thế giới này cho những người trung thực... | ||
| 650 | |a English fiction (vietnamese),English literature | ||
| 650 | |y 19th century | ||
| 904 | |i Nguyên | ||
| 980 | |a Trung tâm Học liệu Trường Đại học Cần Thơ | ||